000 00843cam a22002893a 4500
001 5227
003 PGUSA
005 20140828083115.0
008 040301s2004||||xxu|||||s|||||000 1 eng d
040 _aPGUSA
_beng
042 _adc
050 4 _aPS
100 1 _aCrawford, F. Marion
_q(Francis Marion),
_d1854-1909
245 1 0 _aSant' Ilario
_h[electronic resource] /
_cF. Marion Crawford
260 _bProject Gutenberg,
_c2004
500 _aSequel to Saracinesca
506 _aPublic domain in the USA.
516 _aElectronic text
653 _aRome (Italy) -- Fiction
653 _aAristocracy (Social class) -- Fiction
653 _aLove stories
653 _aConspiracies -- Fiction
653 _aJealousy -- Fiction
830 0 _aProject Gutenberg
_v5227
856 4 0 _uhttp://www.gutenberg.org/ebooks/5227
942 _cEB
999 _c234556
_d234556